Central Library OPAC University of Rajshahi

پاکستان کے پانچ سال ;; Pakistan ki panch sal / (Record no. 83260)

MARC details
000 -LEADER
fixed length control field 00641nam a2200205 4500
001 - CONTROL NUMBER
control field 83260
003 - CONTROL NUMBER IDENTIFIER
rucl marc code BD-RjUL
005 - DATE AND TIME OF LATEST TRANSACTION
control field 20240307110954.0
008 - FIXED-LENGTH DATA ELEMENTS--GENERAL INFORMATION
fixed length control field 240307s1952 p ||||| |||| 00| 0 u d
035 ## - SYSTEM CONTROL NUMBER
System control number (BD-RjUL)83260
040 ## - CATALOGING SOURCE
Original cataloging agency BD-RjUL
Language of cataloging eng
Transcribing agency BD-RjUL
041 ## - LANGUAGE CODE
Language code of text/sound track or separate title urd
082 ## - DEWEY DECIMAL CLASSIFICATION NUMBER
Edition number 23
Classification number 954.91
Author mark and year NAP 1952
100 1# - MAIN ENTRY--PERSONAL NAME
Personal name ناظم الدين ;; Nazimuddin
9 (RLIN) 12124
245 10 - TITLE STATEMENT
Title پاکستان کے پانچ سال ;; Pakistan ki panch sal /
Statement of responsibility, etc. ناظم الدين ;; Nazimuddin
260 ## - PUBLICATION, DISTRIBUTION, ETC. (IMPRINT)
Place of publication, distribution, etc. Karachi :
Name of publisher, distributor, etc. اداره مطبوعات ,
Date of publication, distribution, etc. 1952
300 ## - PHYSICAL DESCRIPTION
Pagination 184 p. :
Illustrations ill. ;
Size 25 cm
650 ## - SUBJECT ADDED ENTRY--TOPICAL TERM
Topical term or geographic name as entry element History
General subdivision
Geographic subdivision Pakistan
9 (RLIN) 12125
942 ## - ADDED ENTRY ELEMENTS (KOHA)
Source of classification or shelving scheme Dewey Decimal Classification
Koha item type Books
Holdings
Lost status Source of classification or shelving scheme Damaged status Not for loan Collection code Permanent Location Current Location Shelving location Date acquired Total Checkouts Full call number Date last seen Copy number Koha item type
  Dewey Decimal Classification   Not For Loan Non-fiction Central Library, University of Rajshahi Central Library, University of Rajshahi Reading Room 07/03/2024   U 954.91 NAP 1952 07/03/2024 C-1 Books
  Dewey Decimal Classification     Non-fiction Central Library, University of Rajshahi Central Library, University of Rajshahi General Stacks 07/03/2024   U 954.91 NAP 1952 07/03/2024 C-2 Books